00353nam a2200133Ia 4500008004100000040001900041041001200060082001500072245005400087260003200141300002400173650000800197850001400205131103s9999 xx 000 0 und d aLoreto College aEnglish aREFbLCBED aMon tricotb creative crochet and hand -knitting  aSouth Africab[s.l.]c[19?] a80p.b pic.c 24cm. aREF aLCBED/REF